000 00436nam a2200169Ia 4500
001 37966
005 20240114001951.0
007 ta
008 070622s a g b000 u u
082 _a820
_bBr 72 th
100 _aBradbracy, Malcolms .
245 0 _aThe Modern World : Ten Great Writers /
_cMalcolms Bradbracy.
_hTextual Documents
300 _bill ;
653 _aEnglish Literature
942 _2ddc
_cBK
999 _c37942
_d37942